000 00282nam a22001337a 4500
008 170227b xxu||||| |||| 00| 0 eng d
020 _a0815176171
041 _aeng
080 _a617
100 _a5
101 _aSHK
245 _aYEAR BOOK OF SURGERY
_cSCHWARTZ
942 _2udc
_cBK
999 _c6282
_d6282